| 000 | 01218 a2200373 4500 | ||
|---|---|---|---|
| 999 |
_c200429937 _d47863 |
||
| 001 | 200429714 | ||
| 003 | TR-AnTOB | ||
| 005 | 20230920104350.0 | ||
| 007 | ta | ||
| 008 | 151004s2015 tu t r0 d tur d | ||
| 020 | _a9786052378137 (c.1) | ||
| 020 | _a9786052378144 (c.2) | ||
| 040 |
_aTR-AnTOB _btur _erda _cTR-AnTOB _dTR-AnTOB |
||
| 041 | 0 | _atur | |
| 050 | 0 | 0 |
_aKKX2620 _b.B574 2018 |
| 090 |
_aKKX2620 _b.B574 2018 |
||
| 245 | 0 | 0 |
_aBireysel başvuru : _bseçme kararlar 2017. |
| 264 | 1 |
_aAnkara : _bAnayasa Mahkemesi Yayınları, _c2018. |
|
| 300 |
_avolumes ; _c25 cm |
||
| 336 |
_atext _2rdacontent _btxt |
||
| 337 |
_aunmediated _2rdamedia _bn |
||
| 338 |
_avolume _2rdacarrier _bnc |
||
| 500 | _avolume 1 (2017/1)-- volume 2 (2017/2) | ||
| 650 | 0 |
_938306 _aConstitutions _zTurkey |
|
| 650 | 0 |
_938301 _aAnayasalar _zTürkiye _2etuturkob |
|
| 650 | 0 |
_939581 _aConstitutional law |
|
| 650 | 0 |
_aConstitutional law _zTurkey _974257 |
|
| 650 | 7 |
_aAnayasa hukuku _2etuturkob _939580 |
|
| 650 | 0 |
_aAnayasa hukuku _zTürkiye _9116005 |
|
| 710 | 1 |
_aTürkiye _bAnayasa Mahkemesi _9120065 |
|
| 710 | 1 |
_aTurkey. _bAnayasa Mahkemesi _9113632 |
|
| 942 |
_2lcc _cBK |
||